000 00928nam a2200217Ia 4500
999 _c40256
_d40256
001 6864
003 GE_BSU
005 20200130111230.0
008 181216s1974||||ge |||||||||||||| ||geo||
040 _cGE_BSU
041 _ageo
080 _a821.353.1-1 გ-66
100 _aგორგანელი, ვახტანგ.
_96511
245 _aნახტომი იტალიის მთებიდან :
_bლექსები /
_cვახტანგ გორგანელი ; რედ. ი. ორჯონიკიძე.
264 _aთბილისი :
_bმერანი,
_c1974.
300 _a166 გვ. :
_bფოტო-პორტრეტი ;
_c17სმ.
_e
653 _aნახტომი იტალიის მთებიდან
653 _aლექსები
700 _aორჯონიკიძე, ი.
_eრედაქტორი
_94051
942 _cBK
_2udc